03347nam a22002777a 45000010005000000030006000050050017000110080041000280200018000690400029000870500008001160820008001241000021001322450172001532600043003253000047003684900041004155050008004565201581004645200875020455210029029205210020029496500044029696500023030137000033030368598FISKH20251007122042.0251002b cb ||||| |||| 00| 0 eng d a9789995099817 aFISKHbkhrcFISKHdFISKH aPZ7 a900 aSotheary, Kimsun aវេទមន្តព្រះគោ ( ភាគបញ្ចប់ ) :bMagic of Preah Kor / cរៀបរៀងដោយ គឹមស៊ុន សុធារី  aPhnom Penh : bReading Books , c2009. a32 pages : bcolor illustrations ;c25 cm. aពិភពរឿងនិទាន aP  aព្រះកែវនិងនាងពៅបានយកមាន់ជល់ទៅថ្វាយបិតាដើម្បីប្រកួតជាមួយស្តេចសៀម​។ ខ្មែរបានឈ្នះការប្រកួត ។ ស្តេចសៀមមិនសុខចិត្តក៏បញ្ជាអោយមានការប្រកួតជល់ដំរី ។ ជាចុងក្រោយក៏មានការប្រកួតជល់គោ ។ សៀមប្រើគោយន្តមកជល់ជាមួយព្រះគោ ។ ដោយដឺងថាមិនអាចឈ្នះ នាងពៅនិងព្រះកែវក៏តោងកន្ទុយព្រះគោ រួចហោះទៅលើមេឃ ។ ជាអកុសលនាងពៅធ្លាក់ហើយក៏សុគត ។​ ចំណែកព្រះគោនិងព្រះកែវនៅតែបន្តគេចខ្លួន ពីកន្លែងមួយទៅកន្លែងមួយរហូតអស់កំលាំងនិងវង្វេងផ្លូវត្រូវបានទ័ពសៀមចាប់យកទៅ ស្រុកសៀមហើយគោរពបូជា ព្រះគោនិងព្រះកែវ ទុកជាទីសក្ការះ ដូច្នេះហើយបានជាប្រជាជនសៀមមិនបរិភោគសាច់គោរហូតដល់សព្វថ្ងៃនេះ ។​ បកជាអង់គ្លេស aPreah Keo and Neang Pov went into the royal palace and offered the cock to her father for fighting with Siam king . The Khmer won the competition. The Siam king, dissatisfied with the result, ordered a royal elephant battle to take place. Eventually, there was even a contest involving sacred ox. The Siam used a tractor (modern machinery) to compete against the sacred ox. Realizing they could not win, Neang Pov and Preah Kaew held onto the tail of the sacred ox and flew into the sky. Unfortunately, Neang Pov fell and died. As for the sacred ox and Preah Kaew, they continued fleeing from place to place until they were exhausted and lost their way. Eventually, they were captured by the Siamese soldiers and taken to Siam. There, the sacred ox and Preah Kaew were worshipped and revered as sacred beings. This is why, even today, the Siamese people do not eat beef.8 a650 bLexile estimate 8 aP bRaz-Plus  aវេទមន្តព្រះគោ aMagic of Preah Kor aKakada, SoeurmeIllustrator